| 000 | 00856cam a22002654a 4500 | ||
|---|---|---|---|
| 001 | 14695413 | ||
| 003 | OSt | ||
| 005 | 20141031115613.0 | ||
| 008 | 070112s2007 ohua b 001 0 eng | ||
| 010 | _a 2006906043 | ||
| 020 | _a9780324313185 (hbk.) | ||
| 020 | _a0324313187 (hbk.) | ||
| 040 |
_aSEKU _c0 |
||
| 050 | 0 | 0 |
_aHF5667 _b.K533 2007 |
| 100 | 1 | _aKnechel, W. Robert. | |
| 245 | 1 | 0 |
_aAuditing : _bassurance & risk / _cW. Robert Knechel, Steven E. Salterio, Brian Ballou. |
| 250 | _a3rd ed. | ||
| 260 |
_aMason, OH : _bThomson/South-Western, _cc2007. |
||
| 300 |
_axxix, 857 p. : _bill. ; _c27 cm. |
||
| 504 | _aIncludes bibliographical references and index. | ||
| 650 | 0 | _aAuditing. | |
| 906 |
_a7 _bcbc _corigcop _d3 _eopcn _f20 _gy-gencatlg |
||
| 942 |
_2lcc _cGEN |
||
| 999 |
_c3782 _d3782 |
||